Cenová politika medzinárodne úspešných podnikov
Cenová politika medzinárodne úspešných podnikov. Faktory vplyvu medzinárodnej cenovej politiky. Centrálne a decentrálne riadená cenová politika. Možnosti voľby v cenovej politike. Pružná cenová politika. Rigídna cenová politika. Dynamická cenová politika. Praktická prevodová cenová politika.
Enregistré dans:
| Format: | Chapitre de livre |
|---|---|
| Langue: | slovaque |
| Sujets: | |
| Tags: |
Pas de tags, Soyez le premier à ajouter un tag!
|
MARC
| LEADER | 00000naa a2200000 4500 | ||
|---|---|---|---|
| 001 | r037563 | ||
| 005 | 20230425123435.4 | ||
| 041 | 0 | |a slo | |
| 044 | |a SK | ||
| 245 | 1 | 0 | |a Cenová politika medzinárodne úspešných podnikov |
| 520 | |a Cenová politika medzinárodne úspešných podnikov. Faktory vplyvu medzinárodnej cenovej politiky. Centrálne a decentrálne riadená cenová politika. Možnosti voľby v cenovej politike. Pružná cenová politika. Rigídna cenová politika. Dynamická cenová politika. Praktická prevodová cenová politika. | ||
| 610 | 2 | 0 | |a ceny |
| 610 | 2 | 0 | |a tvorba cien |
| 610 | 2 | 0 | |a politika cenová |
| 610 | 2 | 0 | |a výrobky |
| 610 | 2 | 0 | |a kalkulácia cenová |
| 610 | 2 | 0 | |a odbyt |
| 610 | 2 | 0 | |a náklady a ceny |
| 610 | 2 | 0 | |a trh |
| 610 | 2 | 0 | |a marketing |
| 610 | 2 | 0 | |a manažment |